Nuffield Maths (Record no. 202)

MARC details
000 -LEADER
fixed length control field 00361nam a22001457a 4500
003 - CONTROL NUMBER IDENTIFIER
control field OSt
005 - DATE AND TIME OF LATEST TRANSACTION
control field 20160727222346.0
008 - FIXED-LENGTH DATA ELEMENTS--GENERAL INFORMATION
fixed length control field 160621b xxu||||| |||| 00| 0 eng d
040 ## - CATALOGING SOURCE
Transcribing agency TEST
100 ## - MAIN ENTRY--PERSONAL NAME
9 (RLIN) 255
Personal name True Love, P,
245 ## - TITLE STATEMENT
Title Nuffield Maths
Remainder of title 3 ( T.H.B )
260 ## - PUBLICATION, DISTRIBUTION, ETC. (IMPRINT)
Place of publication, distribution, etc. Eng
Name of publisher, distributor, etc. Longman Work
Date of publication, distribution, etc. 1980
300 ## - PHYSICAL DESCRIPTION
Extent Nuffield Maths - 3 ( T.H.B )
942 ## - ADDED ENTRY ELEMENTS (KOHA)
Source of classification or shelving scheme Dewey Decimal Classification
Koha item type BOOK
Holdings
Withdrawn status Lost status Source of classification or shelving scheme Damaged status Not for loan Home library Current library Date acquired Total Checkouts Full call number Barcode Date last seen Price effective from Koha item type
    Dewey Decimal Classification     Good Samaritan School Library Good Samaritan School Library 06/21/2016   370 TRU 700 06/21/2016 06/21/2016 BOOK

Powered by Koha